000 01010nam a22002417a 4500
999 _c80243
_d317520
003 OSt
005 20220620121449.0
008 220620b2016 jo ||||g |||| 00| 0 ara d
020 _a9789957593902
040 _aMa-Un
_cMa-Un
082 0 4 _a362.8292
_bب م م
_221
100 1 _aبحري، منى يونس
_913768
245 1 0 _aمشكلات الأسرة :
_bعنف الأزواج ضد الزوجات /
_cمنى يونس بحري.
250 _aط. 1.
260 _aعمان، الأردن :
_bالدار المنهجية للنشر والتوزيع،
_c2016
_m1437.
300 _a191 ص. ؛
_c24 سم.
504 _aيشتمل على قائمة ببليوجرافية.
650 7 _aالعنف الأسري
_xجوانب نفسية
_958641
650 7 _aالعلاقات الأسرية
_xجوانب نفسية
_921038
650 7 _aالمرأة
_xعنف ضد
_xجوانب نفسية
_991687
650 7 _aالأزواج والزوجات
_xعلاقات أسرية
_vجوانب نفسية
_991688
942 _2ddc
_cBOOK